000 00250nam a22001097a 4500
005 20230530142143.0
008 230530b |||||||| |||| 00| 0 eng d
022 _a9770973990004
245 _aCOMPUTER SCIENCE
260 _bIUP PUBLICATION
942 _cJRL
999 _c8311
_d8309